Regulating Long- Term Care Quality: An International Comparison (Record no. 571239)

MARC details
000 -LEADER
fixed length control field 00621nam a2200193Ia 4500
008 - FIXED-LENGTH DATA ELEMENTS--GENERAL INFORMATION
fixed length control field 250516s9999 xx 000 0 und d
020 ## - INTERNATIONAL STANDARD BOOK NUMBER
ISBN 9781107665354
Paper back/Hardbound pbk
041 ## - LANGUAGE CODE
Language code of text/sound track or separate title eng
082 ## - DEWEY DECIMAL CLASSIFICATION NUMBER
Classification number 362.160973 MOR
100 ## - MAIN ENTRY--AUTHOR NAME
Personal name Mor, Vincent
245 #0 - TITLE STATEMENT
Title Regulating Long- Term Care Quality: An International Comparison
Statement of responsibility, etc /Vincent Mor, Tiziana Leone & Anna Maresso;
250 ## - EDITION STATEMENT
Edition statement 1st ed.
260 ## - PUBLICATION, DISTRIBUTION, ETC. (IMPRINT)
Name of publisher Cambridge University Press,
Year of publication 2014.
Place of publication United Kingdom:
300 ## - PHYSICAL DESCRIPTION
Number of Pages 493p. :
Dimensions 20cm.
650 ## - SUBJECT ADDED ENTRY--TOPICAL TERM
Topical Term Social welfare problems & services
700 ## - ADDED ENTRY--PERSONAL NAME
Personal name Leone, Tiziana & Maresso, Anna
942 ## - ADDED ENTRY ELEMENTS (KOHA)
Koha item type Reference
Holdings
Withdrawn status Lost status Damaged status Not for loan Home library Current library Shelving location Date acquired Full call number Accession Number Price effective from Koha item type
        Anna Centenary Library Anna Centenary Library 4TH FLOOR, A WING 20.03.2025 362.160973 MOR 702744 16.05.2025 Reference

Find us on the map